प्रशासनिक हिंदी / (Record no. 118499)
[ view plain ]
| 000 -LEADER | |
|---|---|
| fixed length control field | 01210nam a22002657a 4500 |
| 005 - DATE AND TIME OF LATEST TRANSACTION | |
| control field | 20170124103115.0 |
| 010 ## - LIBRARY OF CONGRESS CONTROL NUMBER | |
| LC control number | A-994853 |
| 020 ## - INTERNATIONAL STANDARD BOOK NUMBER | |
| Terms of availability | 400.00 |
| International Standard Book Number | 8170542284 |
| 035 ## - SYSTEM CONTROL NUMBER | |
| System control number | A-994853 |
| 037 ## - SOURCE OF ACQUISITION | |
| Source of stock number/acquisition | Cen Lib/Ret |
| 040 ## - CATALOGING SOURCE | |
| Original cataloging agency | DPL |
| Language of cataloging | HN |
| 082 ## - DEWEY DECIMAL CLASSIFICATION NUMBER | |
| Classification number | 420 |
| Item number | पुष्पाकु |
| 100 ## - MAIN ENTRY--PERSONAL NAME | |
| Personal name | पुष्पा कुमारी |
| 9 (RLIN) | 80530 |
| 245 ## - TITLE STATEMENT | |
| Title | प्रशासनिक हिंदी / |
| Statement of responsibility, etc | पुष्पा कुमारी |
| 246 ## - VARYING FORM OF TITLE | |
| Title proper/short title | Prashasnik hindi / |
| Remainder of title | by Pushpa Kumari |
| 260 ## - PUBLICATION, DISTRIBUTION, ETC. (IMPRINT) | |
| Place of publication, distribution, etc | नयी दिल्ली |
| Name of publisher, distributor, etc | क्लास्सिकल पब्लिशिंग कंपनी |
| Date of publication, distribution, etc | 2000 |
| 270 ## - ADDRESS | |
| City | नयी दिल्ली |
| Address | 28, शोपिंग सेंटर, करमपुरा |
| Postal code | 110015 |
| 300 ## - PHYSICAL DESCRIPTION | |
| Extent | ix,270पृ. |
| Dimensions | 20सेमी(सजिल्द ) |
| 500 ## - GENERAL NOTE | |
| General note | ग्रन्थ सूची शामिल |
| 650 ## - SUBJECT ADDED ENTRY--TOPICAL TERM | |
| Topical term or geographic name as entry element | हिन्दी--भाषा |
| General subdivision | |
| Geographic subdivision | |
| 9 (RLIN) | 80531 |
| 650 ## - SUBJECT ADDED ENTRY--TOPICAL TERM | |
| Topical term or geographic name as entry element | हिन्दी--भाषा--प्रशासनिक हिंदी |
| 9 (RLIN) | 80532 |
| 650 ## - SUBJECT ADDED ENTRY--TOPICAL TERM | |
| Topical term or geographic name as entry element | Hindi--language |
| 9 (RLIN) | 9446 |
| 650 ## - SUBJECT ADDED ENTRY--TOPICAL TERM | |
| Topical term or geographic name as entry element | Hindi-- language--Administrative Hindi |
| 9 (RLIN) | 80533 |
| 942 ## - ADDED ENTRY ELEMENTS (KOHA) | |
| Source of classification or shelving scheme | Dewey Decimal Classification |
| Koha item type | Hindi Books |
| Classification part | 420 |
| Call number suffix | पुष्पाकु |
| Withdrawn status | Lost status | Damaged status | Not for loan | Home library | Current library | Date acquired | Source of acquisition | Cost, normal purchase price | Total Checkouts | Full call number | Barcode | Date last seen | Copy number | Cost, replacement price | Price effective from | Koha item type | Public note |
|---|---|---|---|---|---|---|---|---|---|---|---|---|---|---|---|---|---|
| Written off | Central Library | Central Library | 11/09/2015 | Cen Lib/Ref | 400.00 | 420 पुष्पाकु | A-994853 | 11/09/2015 | 1 | 400.00 | 11/09/2015 | Hindi Books | W/d List no-9004/9 |
